[Event "Budapest Karacsonyi op 2nd"]
[Site "Budapest"]
[Date "2010.12.30"]
[Round "7"]
[White "Szentgyorgyi, Sandor"]
[Black "Simon, Imre"]
[Result "1-0"]
[WhiteElo "1823"]
[BlackElo "1607"]
[PlyCount "63"]
[EventDate "2010.12.27"]
[EventType "swiss"]
[EventRounds "7"]
[EventCountry "HUN"]
[SourceTitle "EXT 2022"]
[Source "ChessBase"]
[SourceDate "2021.10.06"]
[SourceVersion "1"]
[SourceVersionDate "2021.10.06"]
[SourceQuality "1"]

1. e4 e6 2. d4 d5 3. e5 c5 4. c3 Nc6 5. g3 Qb6 6. Ne2 f6 7. f4 cxd4 8. cxd4 fxe5 9. fxe5 Nge7 10. Bh3 g6 11. Nbc3 Nf5 12. Bxf5 gxf5 13. a3 Bd7 14. Na4 Qc7 15. b4 Be7 16. Bh6 0-0-0 17. Rc1 b5 18. Nc5 Bxc5 19. Rxc5 Qb6 20. 0-0 Kb7 21. Bg7 Rhg8 22. Bf6 Rc8 23. Qd3 a6 24. Rfc1 Na7 25. Be7 Nc6 26. Bd6 Qd8 27. Qd2 Qg5 28. Qxg5 Rxg5 29. Kf2 Rgg8 30. Ke3 Na7 31. Rc7+ Rxc7 32. Rxc7+ 1-0

[Event "Budapest Karacsonyi op 2nd"]
[Site "Budapest"]
[Date "2010.12.28"]
[Round "3"]
[White "Sarkozi, Ferenc"]
[Black "Simon, Imre"]
[Result "1-0"]
[WhiteElo "1962"]
[BlackElo "1607"]
[PlyCount "71"]
[EventDate "2010.12.27"]
[EventType "swiss"]
[EventRounds "7"]
[EventCountry "HUN"]
[SourceTitle "EXT 2022"]
[Source "ChessBase"]
[SourceDate "2021.10.06"]
[SourceVersion "1"]
[SourceVersionDate "2021.10.06"]
[SourceQuality "1"]

1. e4 c5 2. g3 Nc6 3. Bg2 e5 4. Nc3 Nf6 5. d3 Be7 6. Nge2 d6 7. 0-0 0-0 8. h3 Be6 9. Nd5 Nd4 10. Nxe7+ Qxe7 11. f4 exf4 12. gxf4 Nxe2+ 13. Qxe2 Rae8 14. Qf2 h6 15. Bd2 Nh7 16. f5 Bc8 17. Qg3 Kh8 18. Bf4 Rd8 19. c4 f6 20. h4 b6 21. a4 a5 22. Rad1 Qc7 23. b3 Bb7 24. Kh2 Bc6 25. d4 Be8 26. dxc5 Qxc5 27. Bxd6 Rxd6 28. Qxd6 Qe5+ 29. Qxe5 fxe5 30. Rd8 Nf6 31. Rfd1 Kg8 32. R1d6 Bh5 33. Rxf8+ Kxf8 34. Rxb6 Bd1 35. c5 Nd7 36. Rb5 1-0